| 000 | 00498cam a2200193ua 4500 | ||
|---|---|---|---|
| 020 | _cRs 0.75 | ||
| 041 |
_amal _h |
||
| 082 |
_a894.812 1 _bKSK/AM |
||
| 100 | _aKSK, Thalikulam . | ||
| 245 |
_aAmmuvinte Attinkutty / _cK S K Thalikkulam. _hTextual Documents |
||
| 260 |
_aThrissur : _bCurrent Books , _c1960. |
||
| 300 | _a34 ; . | ||
| 365 | _aRs 0.75 | ||
| 504 | _a | ||
| 650 | _aPoems - Malayalam | ||
| 650 | _aPoems for children - Malayalam | ||
| 942 | _cBK | ||
| 999 |
_c596 _d596 |
||